Cartas Aleatorias de Clash Royale por Imagen - Estadísticas

Estadísticas generales
  • Esta prueba ha sido intentada 116 veces
  • La puntuación promedio es 18 de 20
Estadísticas de respuestas
Imagen Respuesta % Correcto
Bandida
100%
Barril de duendes
100%
Bebé dragón
100%
Bola de fuego
100%
Caballero
100%
Cañón
100%
Cementerio
100%
Chispitas
100%
Choza de bárbaros
100%
Cohete
100%
Duendenstein
100%
El Tronco
100%
Espejo
100%
Gólem de elixir
100%
Hielo
100%
Leñador
100%
Mago
100%
Mago eléctrico
100%
Minero
100%
Monje
100%
Montapuercos
100%
Mosquetera
100%
Pillos
100%
Princesa
100%
Veneno
100%
Megaesbirro
96%
Mortero
95%
Arbusto sospechoso
94%
Arquero mágico
94%
Clon
94%
Descarga
94%
Espíritu de fuego
94%
Fantasma real
94%
Gigante eléctrico
94%
Lanzafuegos
94%
Bombardero
93%
Globo bombástico
93%
Mini P.E.K.K.A
93%
P.E.K.K.A
93%
Terremoto
93%
Torre bombardera
93%
Ariete de batalla
92%
Bola de nieve
92%
Bruja
92%
Duendes
92%
Gigante noble
92%
Lanzarrocas
92%
Rayo
92%
Rompemuros
92%
Dragón infernal
91%
Fénix
91%
Mago de hielo
91%
Vacío
91%
Verdugo
91%
Bárbaros de élite
90%
Barril de esqueletos
90%
Furia
90%
Jaula del forzudo
90%
Murciélagos
90%
Pescador
90%
Reclutas reales
90%
Rey esqueleto
90%
Sabueso de lava
90%
Torre infernal
90%
Flechas
89%
Valquiria
89%
Arqueras
88%
Bruja nocturna
88%
Dragón eléctrico
88%
Gran minero
88%
Príncipe oscuro
88%
Recolector de elixir
88%
Trío de mosqueteras
88%
Choza de duendes
87%
Ejército de esqueletos
87%
Gólem de hielo
87%
Príncipe
87%
Barril de bárbaro
86%
Esqueletos
86%
Gigante
86%
Esbirros
85%
Ballesta
83%
Cañón con ruedas
83%
Duende lanzadardos
83%
Duendes con lanza
83%
Esqueleto gigante
83%
Gólem
83%
Horda de esbirros
83%
Paquete real
83%
Espíritu eléctrico
82%
Pandilla de duendes
81%
Lápida
80%
Reina arquera
80%
Duende gigante
79%
Máquina voladora
79%
Megacaballero
79%
Principito
79%
Puercos reales
79%
Caballero dorado
78%
Torre Tesla
78%
Bárbaros
77%
Bruja madre
77%
Montacarneros
77%
Curandera guerrera
76%
Berserker
75%
Guardias
75%
Tornado
75%
Espíritu de hielo
74%
Cazador
71%
Dragones esqueleto
71%
Horno
70%
Espíritu sanador
69%
Electrocutadores
67%
Maldición duende
67%
Demoledor duende
60%
Excavadora de duendes
58%
Máquina duende
53%
Gigante rúnica
50%
No se encontraron pruebas coincidentes
Distribución de puntuación
Porcentaje de gente con cada puntuación
Porcentaje por número respondido
Historial de tus puntuaciones
No has intentado esta prueba.